Cổ học tinh hoa /
Saved in:
| Main Author: | |
|---|---|
| Other Authors: | |
| Format: | Book (Paper) |
| Language: | Vietnamese |
| Published: |
Tp. HCM :
Trẻ,
2001
|
| Edition: | Tái bản lần thứ năm |
| Subjects: | |
| Tags: |
Add Tag
No Tags, Be the first to tag this record!
|
| Institutions: | Thư viện Trường Đại học Đà Lạt |
|---|
| LEADER | 00766nam a2200313 4500 | ||
|---|---|---|---|
| 001 | DLU030020741 | ||
| 003 | ##DLU | ||
| 005 | ##20021230 | ||
| 008 | ##021230t vn z000 vie d | ||
| 040 | # | # | |a DLU |b vie |
| 041 | # | # | |a vie |
| 044 | # | # | |a vn |
| 082 | # | # | |a 808.88 |b NG-N |
| 100 | # | # | |a Nguyễn Văn Ngọc |
| 245 | # | # | |a Cổ học tinh hoa / |c Nguyễn Văn Ngọc, Trần Lê Nhân |
| 250 | # | # | |a Tái bản lần thứ năm |
| 260 | # | # | |a Tp. HCM : |b Trẻ, |c 2001 |
| 300 | # | # | |a 422 tr. ; |c 19 cm |
| 650 | # | # | |a Điển tích. |
| 700 | # | # | |a Trần Lê Nhân |
| 992 | # | # | |a 37500 |
| 994 | # | # | |a DLU |
| 900 | # | # | |a True |
| 911 | # | # | |a Phan Ngọc Đông |
| 925 | # | # | |a G |
| 926 | # | # | |a A |
| 927 | # | # | |a SH |
| 980 | # | # | |a Thư viện Trường Đại học Đà Lạt |